| 000 | 00000nam 2200000zi 4500 |
| 001 | 9.913807 |
| 003 | CaOODSP |
| 005 | 20250403110604 |
| 006 | m o d f |
| 007 | cr cn||||||||| |
| 008 | 220726t20232023oncd obs f000 0 fre d |
| 020 | |a9780660447391 |
| 040 | |aCaOODSP|bfre|erda|cCaOODSP |
| 043 | |an-cn--- |
| 086 | 1 |aCS91-520/2022-1F-PDF |
| 245 | 00|aProjections démographiques pour le Canada (2021 à 2068), les provinces et les territoires (2021 à 2043). |
| 264 | 1|a[Ottawa] : |bStatistique Canada = Statistics Canada, |c2023. |
| 264 | 4|c©2023 |
| 300 | |a1 ressource en ligne (12 pages) : |bgraphiques |
| 336 | |atext|btxt|2rdacontent/fre |
| 337 | |acomputer|bc|2rdamedia/fre |
| 338 | |aonline resource|bcr|2rdacarrier/fre |
| 500 | |aPublié aussi en anglais sous le titre : Population projections for for Canada (2021 to 2068), provinces and territories (2021 to 2043). |
| 500 | |a« Date de diffusion : le 27 avril 2023. » |
| 504 | |aComprend des références bibliographiques. |
| 650 | 6|aPrévision démographique|zCanada|vStatistiques. |
| 651 | 6|aCanada|vStatistiques démographiques. |
| 655 | 7|aStatistiques|2rvmgf |
| 710 | 2 |aStatistique Canada, |eorganisme de publication. |
| 775 | 08|tPopulation projections for Canada (2021 to 2068), provinces and territories (2021 to 2043).|w(CaOODSP)9.913805 |
| 794 | |tProjections démographiques pour le Canada (2023 à 2073), les provinces et les territoires (2023 à 2048).|w(CaOODSP)9.937935 |
| 795 | |tProjections démographiques pour le Canada (2018 à 2068), les provinces et les territoires (2018 à 2043).|w(CaOODSP)9.874521 |
| 856 | 40|qPDF|s452 Ko|uhttps://publications.gc.ca/collections/collection_2023/statcan/91-520-x2022001-fra.pdf |
| 856 | 4 |qHTML|sS.O.|uhttps://www150.statcan.gc.ca/n1/pub/91-520-x/91-520-x2022001-fra.htm |
| 986 | |a91-520-X |